Normal view
MARC view
- R.Talbot Kelly
Entry Personal Name
001 - CONTROL NUMBER
- control field: 108690
003 - CONTROL NUMBER IDENTIFIER
- control field: NUST
005 - DATE AND TIME OF LATEST TRANSACTION
- control field: 20230207124159.0
008 - FIXED-LENGTH DATA ELEMENTS
- fixed length control field: 230207|| aca||aabn | a|a d
040 ## - CATALOGING SOURCE
- Original cataloging agency: NUST
- Transcribing agency: NUST
100 ## - HEADING--PERSONAL NAME
- Personal name: R.Talbot Kelly
670 ## - SOURCE DATA FOUND
- Source citation: Work cat.: (NUST)194064: R.Talbot Kelly , , Peeps at Many Lands Burma /, 1929
